000 01049nam a22003497a 4500
001 BR2012008314
003 BR-BrBNA
005 20230928104102.0
007 ta
008 230509b bl.||||| |||| 00| 0 por d
040 _aBR-BrBNA
_bpor
_cBiblioteca Nacional de Agricultura
041 _a(Por)
072 _aQ52; L51
_b5214
090 _ 5214 BR2012008314
100 1 _aBitencourt, L.L.
110 1 _aUniversidade Federal de Lavras, MG (Brasil)
_0Tese (Doutorado)
245 1 _aSubstituição de milho moído por milho reidratado e ensilado ou melaço de soja em vacas leiteiras
260 3 _aLavras, MG (Brasil):
_c2012.
300 _a130 p.
500 _aSummaries (Eng, Por); Several bibliography; 24 tables
650 _aVACA LEITEIRA
650 _aMILHO
650 _aMELAÇO
650 _aSOJA
650 _aNUTRIÇÃO ANIMAL
650 _aTECNOLOGIA DE ALIMENTO
650 _aCOMPOSIÇÃO DE ALIMENTO
650 _aPERFORMANCE
650 _aDIGESTIBILIDADE
909 _a202309
_bLucia
_c55
_dLucia Elande
942 _cBK
999 _c78048
_d78048